| 000 -ლიდერი |
| ფიქსირებული სიგრძის საკონტროლო ველი |
01222nam a22001817a 4500 |
| 003 - საკონტროლო ნომრის იდენტიფიკატორი |
| საკონტროლო ველი |
Ge_BSU |
| 005 - ბოლო ოპერაციის თარიღი და დრო |
| საკონტროლო ველი |
20260415115037.0 |
| 008 - ფიქსირებული სიგრძის მონაცემთა ელემენტები - ზოგადი ინფორმაცია |
| ფიქსირებული სიგრძის საკონტროლო ველი |
260415s1973 ge ||||| |||| 00| 0 geo d |
| 041 ## - ენის კოდი |
| Language code of text/sound track or separate title |
geo |
| 080 ## - უნივერსალური ათობითი კლასიფიკაციის ინდექსი |
| Universal Decimal Classification number |
338.45 : 658.5 : 005.93 წ-21 |
| 245 ## - ცნობა სათაურის შესახებ |
| Title |
წარმოების ეკონომიკისა და მართვის საფუძვლები : |
| Remainder of title |
მრეწველობისა და სხვა დარგების საწარმოთა ქვედანაყოფების ხელმძღვანელებისა და სპეციალისტების დამხმ. სახელმძღვ / |
| Statement of responsibility, etc |
[სახელმძღვ. შეადგინა ავტორთა კოლექტივმა] ი.ი. სიგოვის რედაქციით. |
| 264 ## - წარმოების, გამოცემის, დისტრიბუციის და სხვა ცნობები |
| გამოცემის, წარმოების, დისტრიბუციის... ადგილი |
თბილისი : |
| გამოცემის, წარმოების, დისტრიბუციის... სახელწოდება |
საბჭ. საქართველო, |
| გამოცემის, წარმოების, დისტრიბუციის... თარიღი |
1973. |
| 300 ## - ფიზიკური აღწერა |
| Extent |
526 გვ. ; |
| Other physical details |
21 სმ. |
| 490 ## - სერიის ცნობა |
| Series statement |
ეკონომ. განათლ. სისტემა |
| 653 ## - INDEX TERM--UNCONTROLLED |
| Uncontrolled term |
წარმოების ეკონომიკა |
| 653 ## - INDEX TERM--UNCONTROLLED |
| Uncontrolled term |
წარმოების მართვა |
| 942 ## - ADDED ENTRY ELEMENTS (KOHA) |
| Source of classification or shelving scheme |
|
| Koha item type |
წიგნი |